000 00324nam a22001337a 4500
008 170714b xxu||||| |||| 00| 0 eng d
020 _a9781403989529
041 _aeng
080 _a038
100 _a24
101 _aFJA
245 _aTHE PALGRAVE MACMILLAN DICTIONARY OF POLITICAL THOUGHT
_cSCRUTON,R
942 _2udc
_cBK
999 _c20979
_d20979